সিলেটের বারমাসী গান / (Record no. 39187)
[ view plain ]
| 000 -LEADER | |
|---|---|
| fixed length control field | 01010nam a2200253 a 4500 |
| 001 - CONTROL NUMBER | |
| control field | 39187 |
| 003 - CONTROL NUMBER IDENTIFIER | |
| rucl marc code | BD-RjUL |
| 005 - DATE AND TIME OF LATEST TRANSACTION | |
| control field | 20211209052934.0 |
| 008 - FIXED-LENGTH DATA ELEMENTS--GENERAL INFORMATION | |
| fixed length control field | 160405s2002 bg ||||e |||| 00| 0 ben d |
| 020 ## - INTERNATIONAL STANDARD BOOK NUMBER | |
| International Standard Book Number | 9840742744 |
| Terms of availability | : Tk. 150.00 |
| 035 ## - SYSTEM CONTROL NUMBER | |
| System control number | (BD-RjUL)39299 |
| 040 ## - CATALOGING SOURCE | |
| Original cataloging agency | BD-RjUL |
| Language of cataloging | ben |
| Transcribing agency | BD-RjUL |
| 041 ## - LANGUAGE CODE | |
| Language code of text/sound track or separate title | ben |
| 082 ## - DEWEY DECIMAL CLASSIFICATION NUMBER | |
| Edition number | 23 |
| Classification number | 781.62914126 |
| Author mark and year | SYL 2002 |
| 245 00 - TITLE STATEMENT | |
| Title | সিলেটের বারমাসী গান / |
| Statement of responsibility, etc. | সংগ্রহ ও সম্পাদনা নন্দলাল শর্মা |
| 260 ## - PUBLICATION, DISTRIBUTION, ETC. (IMPRINT) | |
| Place of publication, distribution, etc. | ঢাকা : |
| Name of publisher, distributor, etc. | বাংলা একাডেমী , |
| Date of publication, distribution, etc. | ২০০২ |
| 300 ## - PHYSICAL DESCRIPTION | |
| Pagination | ৮, ১৩৩ পৃ. ; |
| Size | ২২ সেমি. |
| 490 ## - SERIES STATEMENT | |
| Series statement | বাএ ; |
| Volume/sequential designation | ৪২৬৪ |
| 650 ## - SUBJECT ADDED ENTRY--TOPICAL TERM | |
| Topical term or geographic name as entry element | লোকসংগীত |
| Geographic subdivision | সিলেট |
| -- | বাংলাদেশ |
| 9 (RLIN) | 120880 |
| Topical term or geographic name as entry element | Folk songs |
| Geographic subdivision | Sylhet |
| -- | Bangladesh |
| 9 (RLIN) | 120881 |
| 700 ## - ADDED ENTRY--PERSONAL NAME | |
| Personal name | শর্মা , নন্দলাল, সম্পাদক |
| 830 ## - SERIES ADDED ENTRY--UNIFORM TITLE | |
| Uniform title | বাএ ; |
| Volume number/sequential designation | ৪২৬৪ |
| 942 ## - ADDED ENTRY ELEMENTS (KOHA) | |
| Source of classification or shelving scheme | Dewey Decimal Classification |
| Koha item type | Books |
| Lost status | Source of classification or shelving scheme | Damaged status | Not for loan | Collection code | Permanent Location | Current Location | Shelving location | Date acquired | Source of acquisition | Cost, normal purchase price | Total Checkouts | Full call number | Date last seen | Copy number | Koha item type | Date checked out |
|---|---|---|---|---|---|---|---|---|---|---|---|---|---|---|---|---|
| Dewey Decimal Classification | Not For Loan | Non-fiction | Central Library, University of Rajshahi | Central Library, University of Rajshahi | Reading Room | 23/06/2013 | Bangla Academy, Dhaka | 150.00 | B 781.62914126 SYL 2002 | 05/04/2016 | C-1 | Books | ||||
| Dewey Decimal Classification | Non-fiction | Central Library, University of Rajshahi | Central Library, University of Rajshahi | 23/06/2013 | Bangla Academy, Dhaka | 150.00 | 1 | B 781.62914126 SYL 2002 | 24/07/2023 | C-2 | Books | 23/07/2023 | ||||
| Dewey Decimal Classification | Non-fiction | Central Library, University of Rajshahi | Central Library, University of Rajshahi | 23/06/2013 | Bangla Academy, Dhaka | 150.00 | B 781.62914126 SYL 2002 | 05/04/2016 | C-3 | Books |